Pokémon du Conseil 4 - G5 - Statistiques

Statistiques générales
  • Ce quiz a été pris 129 fois
  • Le résultat moyen est 22 sur 29
Statistiques - réponses
Dresseur Pokémon % Correct
Anis Lugulabre
98%
Kunz Bétochef
93%
Percila Symbios
93%
Kunz Judokrak
92%
Kunz Karaclée
91%
Iris Tranchodon
90%
Percila Sidérella
88%
Goyah Pyrax
87%
Anis Tutankafer
86%
Goyah Drakkarmin
85%
Iris Drakkarmin
85%
Percila Mushana
84%
Pieris Crocorible
83%
Anis Golemastoc
82%
Pieris Leopardus
79%
Pieris Scalproie
79%
Goyah Frison
78%
Kunz Shaofouine
76%
Iris Trioxhydre
76%
Goyah Lançargot
73%
Goyah Limaspeed
73%
Pieris Baggaïd
70%
Anis Moyade
68%
Percila Cryptéro
67%
Iris Lokhlass
53%
Iris Aéroptéryx
52%
Goyah Sorbouboul
50%
Anis Grodrive
45%
Iris Galeking
39%
Aucun quiz correspondant
Distribution des résultats
% des personnes avec chaque résultat
Percentile par nombre de réponses
Votre historique - résultats
Vous n’avez pas pris ce quiz